000 00402nam a22001697a 4500
003 MPLRDC
005 20220104113549.0
008 210129b ||||| |||| 00| 0 eng d
082 _a528.972 NZF
100 _a聂智飞 编著
245 _a太极拳术汇通
_c
250 _a再版
260 _a香港
_b香港长兴书局
_c1980
300 _b196
650 _a太极拳
942 _cBK
_o528.972 NZF
999 _c626
_d616